[Event "Titled Tuesday intern op 20th May Late"]
[Site "Chess.com INT"]
[Date "2025.05.20"]
[Round "8"]
[White "Cori Quispe, Kevin Joel"]
[Black "Alvarado, Carlos"]
[Result "1-0"]
[WhiteElo "2464"]
[BlackElo "2032"]
[PlyCount "49"]
[EventDate "2025.05.20"]
[EventType "swiss (blitz)"]
[EventRounds "11"]
[EventCountry "USA"]
[SourceTitle "CB22_2025"]
[SourceDate "2025.05.28"]
[SourceVersion "1"]
[SourceVersionDate "2025.05.28"]
[SourceQuality "1"]

1. e4 c6 2. d4 d5 3. e5 Bf5 4. g4 Be4 5. f3 Bg6 6. h4 h5 7. e6 Qd6 8. exf7+ Bxf7 9. Ne2 e5 10. dxe5 Qxe5 11. Nbc3 hxg4 12. fxg4 Nf6 13. Bf4 Qe6 14. Qd4 Nbd7 15. g5 Bc5 16. Qd3 Ne4 17. Nxe4 dxe4 18. Qc3 0-0-0 19. Bh3 Qe7 20. 0-0-0 Bxa2 21. Qa5 Bb6 22. Qxa2 Rxh4 23. Bxd7+ Rxd7 24. Qg8+ Rd8 25. Rxd8+ 1-0

[Event "Titled Tuesday intern op 20th May Late"]
[Site "Chess.com INT"]
[Date "2025.05.20"]
[Round "5"]
[White "Cori Quispe, Kevin Joel"]
[Black "Di Benedetto, Guillermo"]
[Result "1-0"]
[WhiteElo "2464"]
[BlackElo "2289"]
[PlyCount "77"]
[EventDate "2025.05.20"]
[EventType "swiss (blitz)"]
[EventRounds "11"]
[EventCountry "USA"]
[SourceTitle "CB22_2025"]
[SourceDate "2025.05.28"]
[SourceVersion "1"]
[SourceVersionDate "2025.05.28"]
[SourceQuality "1"]

1. d4 f5 2. Qd3 d5 3. g4 fxg4 4. h3 g3 5. fxg3 Nf6 6. Nc3 g6 7. g4 Bg7 8. Bg5 0-0 9. 0-0-0 c6 10. Bg2 Nbd7 11. Nf3 b5 12. Ne5 Qb6 13. e4 e6 14. Nxd7 Bxd7 15. e5 Ne8 16. h4 c5 17. Nxd5 exd5 18. Bxd5+ Kh8 19. h5 Be6 20. Bxa8 Bc4 21. Qh3 h6 22. hxg6 Qxg6 23. Bxh6 cxd4 24. Rxd4 Rf1+ 25. Rxf1 Qxh6+ 26. Qxh6+ Bxh6+ 27. Kd1 Bxf1 28. Rd8 Bc4 29. Rxe8+ Kg7 30. Be4 Kf7 31. Ra8 Be3 32. b3 Be6 33. Bf5 Bd5 34. Rd8 Bf3+ 35. Ke1 Ke7 36. Rd7+ Ke8 37. e6 Bc5 38. Bg6+ Kf8 39. Rf7+ 1-0

[Event "Titled Tuesday intern op 20th May Late"]
[Site "Chess.com INT"]
[Date "2025.05.20"]
[Round "1"]
[White "Cori Quispe, Kevin Joel"]
[Black "Logozar, Elijah"]
[Result "1-0"]
[WhiteElo "2464"]
[BlackElo "1945"]
[PlyCount "53"]
[EventDate "2025.05.20"]
[EventType "swiss (blitz)"]
[EventRounds "11"]
[EventCountry "USA"]
[SourceTitle "CB22_2025"]
[SourceDate "2025.05.28"]
[SourceVersion "1"]
[SourceVersionDate "2025.05.28"]
[SourceQuality "1"]

1. e4 c5 2. Nf3 d6 3. d4 cxd4 4. Nxd4 Nf6 5. Nc3 a6 6. Bg5 e6 7. f4 Be7 8. Qf3 h6 9. Bh4 Qc7 10. 0-0-0 Nbd7 11. Bd3 g5 12. fxg5 Ne5 13. Qe2 Nfg4 14. Nf3 hxg5 15. Bg3 Qc5 16. h4 gxh4 17. Nxh4 Bd7 18. Nf3 0-0-0 19. Nxe5 Nxe5 20. Bf2 Qc7 21. Kb1 Bc6 22. Bd4 Kb8 23. Qf2 Rc8 24. Bxe5 dxe5 25. Qxf7 Rxh1 26. Rxh1 Bd7 27. Qxe7 1-0

[Event "Titled Tuesday intern op 20th May Late"]
[Site "Chess.com INT"]
[Date "2025.05.20"]
[Round "9"]
[White "Hoeffer, David"]
[Black "Cori Quispe, Kevin Joel"]
[Result "1-0"]
[WhiteElo "2295"]
[BlackElo "2464"]
[PlyCount "73"]
[EventDate "2025.05.20"]
[EventType "swiss (blitz)"]
[EventRounds "11"]
[EventCountry "USA"]
[SourceTitle "CB22_2025"]
[SourceDate "2025.05.28"]
[SourceVersion "1"]
[SourceVersionDate "2025.05.28"]
[SourceQuality "1"]

1. d4 Nf6 2. Nc3 d5 3. Bf4 e6 4. Nb5 Bb4+ 5. c3 Ba5 6. a4 a6 7. b4 axb5 8. axb5 Ne4 9. Rxa5 Rxa5 10. bxa5 Nd7 11. e3 0-0 12. Nf3 c6 13. b6 Qe7 14. Qa1 f6 15. Be2 e5 16. Bg3 exd4 17. Nxd4 Ne5 18. 0-0 Nxg3 19. hxg3 Bg4 20. Qd1 f5 21. f3 Bh5 22. Kf2 c5 23. Nb5 Bf7 24. Nc7 Rd8 25. Qa4 Nc4 26. Bxc4 dxc4 27. Re1 h5 28. Qc2 Qf6 29. Rh1 Rd3 30. Rc1 Qe5 31. Qe2 h4 32. gxh4 f4 33. exf4 Qxf4 34. Re1 Rd2 35. g3 Rxe2+ 36. Rxe2 Qd6 37. Rb2 1-0

[Event "Titled Tuesday intern op 07th Jan Early"]
[Site "Chess.com INT"]
[Date "2025.01.07"]
[Round "9"]
[White "Cori Quispe, Kevin Joel"]
[Black "Ljukin, Sergei"]
[Result "1-0"]
[WhiteElo "2464"]
[BlackElo "2362"]
[PlyCount "65"]
[EventDate "2025.01.07"]
[EventType "swiss (blitz)"]
[EventRounds "11"]
[EventCountry "USA"]
[SourceTitle "CB03_2025"]
[SourceDate "2025.01.15"]
[SourceVersion "1"]
[SourceVersionDate "2025.01.15"]
[SourceQuality "1"]

1. e4 e6 2. d4 d5 3. Nc3 Bb4 4. e5 Ne7 5. a3 Bxc3+ 6. bxc3 c5 7. Qg4 Qc7 8. Bd2 0-0 9. Nf3 cxd4 10. cxd4 Qxc2 11. Rc1 Qe4+ 12. Qxe4 dxe4 13. Ng5 Nbc6 14. Be3 Nf5 15. Nxe4 Nfxd4 16. f4 f6 17. exf6 gxf6 18. Bc4 Kg7 19. Kf2 e5 20. h3 Rd8 21. Rhd1 Bf5 22. Ng3 Bd7 23. fxe5 fxe5 24. Bd5 Rf8+ 25. Kg1 Nf5 26. Bf2 Nxg3 27. Bxg3 Rae8 28. Re1 Kg6 29. Rcd1 Re7 30. Be4+ Kg7 31. Bh4 Ref7 32. Rd6 Re8 33. Bd5 1-0

[Event "Titled Tuesday intern op 07th Jan Early"]
[Site "Chess.com INT"]
[Date "2025.01.07"]
[Round "4"]
[White "Nithyalakshmi, Sivanesan"]
[Black "Cori Quispe, Kevin Joel"]
[Result "0-1"]
[WhiteElo "1938"]
[BlackElo "2464"]
[PlyCount "122"]
[EventDate "2025.01.07"]
[EventType "swiss (blitz)"]
[EventRounds "11"]
[EventCountry "USA"]
[SourceTitle "CB03_2025"]
[SourceDate "2025.01.15"]
[SourceVersion "1"]
[SourceVersionDate "2025.01.15"]
[SourceQuality "1"]

1. e4 e5 2. Nf3 Nc6 3. d4 exd4 4. Nxd4 Nf6 5. Nxc6 bxc6 6. e5 Qe7 7. Qe2 Nd5 8. h4 d6 9. c4 Nb6 10. exd6 cxd6 11. b3 Bg4 12. f3 Be6 13. Bb2 0-0-0 14. Nd2 d5 15. cxd5 Bxd5 16. Qxe7 Bxe7 17. Bxg7 Rhg8 18. Bb2 Bb4 19. 0-0-0 a5 20. Ne4 Bxe4 21. fxe4 Rxd1+ 22. Kxd1 Rd8+ 23. Kc1 a4 24. Be2 a3 25. Bf6 Rd2 26. Ba6+ Kb8 27. Kb1 Nd7 28. Ba1 Nc5 29. Bc4 Nxe4 30. Rc1 Rxg2 31. Bd3 Nd2+ 32. Kc2 Nf3+ 33. Kb1 Nd2+ 34. Kc2 Kb7 35. Rd1 Nc4+ 36. Kb1 Ne3 37. Rc1 Bd2 38. Rh1 f5 39. h5 Rf2 40. Bd4 Rf4 41. Be5 Rf3 42. Bd4 Nd5 43. Bc4 Bc3 44. Bc5 Rg3 45. Rd1 Rg2 46. Rf1 Rb2+ 47. Kc1 Nb4 48. Bxb4 Bxb4 49. Rxf5 Rxa2 50. Rf7+ Kb6 51. Rxh7 Rh2 52. Rh8 a2 53. Ra8 Bc3 54. Ra6+ Kc5 55. Be6 a1Q+ 56. Rxa1 Bxa1 57. Bf7 Bg7 58. Kd1 Kb4 59. Ke1 Bd4 60. Kf1 Rf2+ 61. Ke1 Rxf7 0-1

[Event "Olympiad-45"]
[Site "Budapest"]
[Date "2024.09.22"]
[Round "11.3"]
[White "Cori Quispe, Kevin Joel"]
[Black "Olsen, Filip Boe"]
[Result "1/2-1/2"]
[WhiteElo "2461"]
[BlackElo "2441"]
[PlyCount "105"]
[EventDate "2024.09.11"]
[EventType "team-swiss"]
[EventRounds "11"]
[EventCountry "HUN"]
[SourceTitle "EXT 2025"]
[Source "ChessBase"]
[SourceDate "2024.10.14"]
[SourceVersion "1"]
[SourceVersionDate "2024.10.14"]
[SourceQuality "1"]
[WhiteTeam "Mexico"]
[BlackTeam "Denmark"]
[WhiteTeamCountry "MEX"]
[BlackTeamCountry "DEN"]

1. e4 c6 2. d4 d5 3. e5 Bf5 4. h4 h5 5. c4 e6 6. Nc3 dxc4 7. Bxc4 Nd7 8. Nge2 Be7 9. g3 Nb6 10. Bd3 Bxd3 11. Qxd3 Nh6 12. Bxh6 Rxh6 13. Nf4 g6 14. Rd1 Nd5 15. Ncxd5 cxd5 16. Qb3 Qb6 17. Qa4+ Kd8 18. 0-0 Qb4 19. Qc2 Rc8 20. Qe2 Rh8 21. Rd3 Rc7 22. Rfd1 Qc4 23. a3 Kd7 24. Kf1 Rhc8 25. Rf3 Ke8 26. Qxc4 Rxc4 27. Ng2 Bd8 28. Rfd3 b5 29. Ne3 Ra4 30. Ke2 b4 31. axb4 Rxb4 32. R1d2 Ba5 33. b3 Bd8 34. Ra2 a5 35. Nc2 Rb5 36. Kd2 Rcb8 37. Ra3 g5 38. hxg5 Bxg5+ 39. Kd1 Be7 40. Ra1 Bd8 41. Ra3 Be7 42. Ra1 R8b7 43. Rc3 Kf8 44. Ke2 Kg7 45. Ne3 f6 46. Rc6 Kf7 47. Rh1 R5b6 48. Rc8 Rb8 49. Rc7 R8b7 50. Rc8 Rb8 51. Rc7 R8b7 52. Rc8 Rb8 53. Rc7 1/2-1/2

[Event "Olympiad-45"]
[Site "Budapest"]
[Date "2024.09.19"]
[Round "8.3"]
[White "Boulrens, Ala Eddine"]
[Black "Cori Quispe, Kevin Joel"]
[Result "1-0"]
[WhiteElo "2137"]
[BlackElo "2461"]
[PlyCount "77"]
[EventDate "2024.09.11"]
[EventType "team-swiss"]
[EventRounds "11"]
[EventCountry "HUN"]
[SourceTitle "EXT 2025"]
[Source "ChessBase"]
[SourceDate "2024.10.14"]
[SourceVersion "1"]
[SourceVersionDate "2024.10.14"]
[SourceQuality "1"]
[WhiteTeam "Algeria"]
[BlackTeam "Mexico"]
[WhiteTeamCountry "ALG"]
[BlackTeamCountry "MEX"]

1. e4 c5 2. c3 Nf6 3. e5 Nd5 4. Nf3 Nc6 5. d4 cxd4 6. cxd4 d6 7. Bc4 Nb6 8. Bb5 Bd7 9. Nc3 dxe5 10. dxe5 g6 11. 0-0 Bg7 12. Qe2 0-0 13. h3 Qc7 14. Bf4 Rad8 15. Rac1 Be6 16. Rfd1 Nd5 17. Bg3 Nxc3 18. Rxc3 Qb6 19. Bxc6 bxc6 20. Rdc1 Bd5 21. b3 a5 22. Nd2 Bh6 23. R1c2 a4 24. Nc4 Qb4 25. bxa4 Be6 26. Ne3 Qb1+ 27. Qf1 Qb4 28. Qe2 Qxa4 29. Rxc6 Rd4 30. Kh2 Bg5 31. Qa6 h5 32. Rxe6 fxe6 33. Qxe6+ Kh7 34. Rc6 Rg8 35. Nf5 Qxc6 36. Qxc6 gxf5 37. Qf3 Kg6 38. Qb3 Rf8 39. Qb6+ 1-0

[Event "Olympiad-45"]
[Site "Budapest"]
[Date "2024.09.15"]
[Round "5.32"]
[White "Camacho Campusano, David Daniel"]
[Black "Cori Quispe, Kevin Joel"]
[Result "0-1"]
[WhiteElo "2219"]
[BlackElo "2461"]
[PlyCount "98"]
[EventDate "2024.09.11"]
[EventType "team-swiss"]
[EventRounds "11"]
[EventCountry "HUN"]
[SourceTitle "EXT 2025"]
[Source "ChessBase"]
[SourceDate "2024.10.14"]
[SourceVersion "1"]
[SourceVersionDate "2024.10.14"]
[SourceQuality "1"]
[WhiteTeam "Dominican Republic"]
[BlackTeam "Mexico"]
[WhiteTeamCountry "DOM"]
[BlackTeamCountry "MEX"]

1. e4 c5 2. Nf3 Nc6 3. d4 cxd4 4. Nxd4 Nf6 5. Nc3 d6 6. Bg5 e6 7. Qd2 a6 8. Nxc6 bxc6 9. 0-0-0 Be7 10. Bxf6 gxf6 11. Bc4 Bb7 12. Rhe1 Qa5 13. Kb1 h5 14. f4 0-0-0 15. Nd5 Qxd2 16. Nxe7+ Kd7 17. Rxd2 Kxe7 18. Be2 e5 19. fxe5 fxe5 20. h4 d5 21. Bf3 d4 22. Rd3 c5 23. Rb3 Ba8 24. Kc1 Rd6 25. Kd2 Rf6 26. c3 Rc6 27. Rc1 Kd6 28. Rf1 Ke7 29. Rc1 Kd7 30. Rf1 Rg6 31. Ra3 Rb8 32. Kc1 Rgb6 33. Rf2 f5 34. Re2 fxe4 35. Bxe4 Bxe4 36. Rxe4 Kd6 37. cxd4 cxd4 38. Ra5 Rb5 39. Rxa6+ Kd5 40. Re2 e4 41. b3 e3 42. Rc2 Rf8 43. Rg6 Ke4 44. Re6+ Re5 45. Rxe5+ Kxe5 46. Rc7 Ke4 47. b4 Rf1+ 48. Kb2 e2 49. Re7+ Kd3 0-1

[Event "Olympiad-45"]
[Site "Budapest"]
[Date "2024.09.14"]
[Round "4.36"]
[White "Cori Quispe, Kevin Joel"]
[Black "Karimov, Alisher"]
[Result "0-1"]
[WhiteElo "2461"]
[BlackElo "2240"]
[PlyCount "72"]
[EventDate "2024.09.11"]
[EventType "team-swiss"]
[EventRounds "11"]
[EventCountry "HUN"]
[SourceTitle "EXT 2025"]
[Source "ChessBase"]
[SourceDate "2024.10.14"]
[SourceVersion "1"]
[SourceVersionDate "2024.10.14"]
[SourceQuality "1"]
[WhiteTeam "Mexico"]
[BlackTeam "Tajikistan"]
[WhiteTeamCountry "MEX"]
[BlackTeamCountry "TJK"]

1. e4 c5 2. Nc3 e6 3. Nf3 Nc6 4. Bb5 Nge7 5. 0-0 a6 6. Bd3 Ng6 7. Re1 Be7 8. e5 Qc7 9. Bxg6 fxg6 10. b3 0-0 11. Bb2 Nd4 12. Nxd4 cxd4 13. Ne2 Qxe5 14. Bxd4 Qc7 15. c4 b6 16. Ng3 Bb7 17. Qe2 Rf7 18. f3 Bh4 19. Be5 Qc6 20. Rf1 Bxg3 21. Bxg3 Rf5 22. d4 h6 23. Rac1 Kh7 24. Rfd1 b5 25. d5 exd5 26. cxd5 Qb6+ 27. Bf2 Qd6 28. Rc5 Rc8 29. b4 Qf8 30. Qe4 Re8 31. Qc2 Qf7 32. a4 Bxd5 33. Rc3 Bc4 34. axb5 axb5 35. Re3 Rxe3 36. Bxe3 Bb3 0-1

[Event "Aguascalientes 2nd"]
[Site "Aguascalientes"]
[Date "2024.08.07"]
[Round "2"]
[White "Estrada Nieto, Julian"]
[Black "Cori Quispe, Kevin Joel"]
[Result "0-1"]
[WhiteElo "2218"]
[BlackElo "2463"]
[PlyCount "75"]
[EventDate "2024.08.06"]
[EventType "swiss"]
[EventRounds "9"]
[EventCountry "MEX"]
[SourceTitle "CBM 221 Extra"]
[Source "ChessBase"]
[SourceDate "2024.09.30"]
[SourceVersion "1"]
[SourceVersionDate "2024.09.30"]
[SourceQuality "1"]

1. e4 c5 2. Nf3 e6 3. g3 Nc6 4. Bg2 Nf6 5. Qe2 e5 6. 0-0 d6 7. c3 Be7 8. Rd1 Bg4 9. h3 Bh5 10. d3 0-0 11. Na3 Re8 12. Nc4 h6 13. g4 Bg6 14. Nh4 Bh7 15. Nf5 b5 16. Nxe7+ Nxe7 17. Ne3 Nd7 18. a4 b4 19. Nf5 Nf8 20. cxb4 cxb4 21. Qd2 Nc6 22. Nxg7 Kxg7 23. Qxh6+ Kg8 24. Bg5 Re6 25. Qxe6 Nxe6 26. Bxd8 Rxd8 27. Rac1 Ncd4 28. Kf1 Kg7 29. Rc4 a5 30. h4 Nc5 31. f4 Nxa4 32. Rd2 Nb6 33. Rc7 exf4 34. Rb7 Nd7 35. g5 Bg6 36. Ra7 Ne5 37. b3 Rh8 38. Ke1 0-1

[Event "Titled Tuesday intern op 16th Jul Late"]
[Site "Chess.com INT"]
[Date "2024.07.16"]
[Round "10"]
[White "Barria Zuniga, Daniel"]
[Black "Cori Quispe, Kevin Joel"]
[Result "1-0"]
[WhiteElo "2341"]
[BlackElo "2463"]
[PlyCount "81"]
[EventDate "2024.07.16"]
[EventType "swiss (blitz)"]
[EventRounds "11"]
[EventCountry "USA"]
[SourceTitle "EXT 2025"]
[Source "ChessBase"]
[SourceDate "2024.10.14"]
[SourceVersion "1"]
[SourceVersionDate "2024.10.14"]
[SourceQuality "1"]

1. d4 Nf6 2. c4 c5 3. d5 e6 4. Nc3 exd5 5. cxd5 d6 6. e4 g6 7. h3 Bg7 8. Nf3 0-0 9. Bd3 a6 10. a4 Nbd7 11. 0-0 Rb8 12. Bf4 Qc7 13. Re1 c4 14. Bf1 b5 15. axb5 axb5 16. Nd4 Ne5 17. Ndxb5 Qc5 18. Be3 Qb4 19. f4 Nd3 20. Bxd3 cxd3 21. Ra4 Qxb2 22. Ra2 Qb4 23. Ra4 Qb2 24. Ra2 Qxa2 25. Nxa2 Rxb5 26. Qxd3 Ba6 27. Nc3 Ra5 28. Qd2 Rc8 29. Bd4 Ra3 30. Qb2 Ra5 31. Qb4 Rac5 32. Bxc5 dxc5 33. Qa4 Bd3 34. e5 Nh5 35. Qd7 Rf8 36. Ne4 Nxf4 37. Nf6+ Bxf6 38. exf6 Bf5 39. Qd6 Nd3 40. Ra1 c4 41. Qxf8+ 1-0

[Event "Titled Tuesday intern op 16th Jul Late"]
[Site "Chess.com INT"]
[Date "2024.07.16"]
[Round "2"]
[White "Taborov, Boris"]
[Black "Cori Quispe, Kevin Joel"]
[Result "0-1"]
[WhiteElo "2313"]
[BlackElo "2463"]
[PlyCount "52"]
[EventDate "2024.07.16"]
[EventType "swiss (blitz)"]
[EventRounds "11"]
[EventCountry "USA"]
[SourceTitle "EXT 2025"]
[Source "ChessBase"]
[SourceDate "2024.10.14"]
[SourceVersion "1"]
[SourceVersionDate "2024.10.14"]
[SourceQuality "1"]

1. d4 Nf6 2. c4 c5 3. d5 b5 4. cxb5 a6 5. Nc3 g6 6. e4 d6 7. Nf3 Bg7 8. a4 0-0 9. Be2 axb5 10. Bxb5 Ba6 11. Rb1 Bxb5 12. axb5 Nbd7 13. 0-0 Ng4 14. Qe2 Qa5 15. Nd2 Ngf6 16. Nc4 Qb4 17. Bd2 Rfb8 18. h3 Nb6 19. Nxb6 Rxb6 20. e5 dxe5 21. Qxe5 Qd4 22. Bf4 Nh5 23. Qc7 Qxf4 24. Qxb6 Be5 25. Rfe1 Qh2+ 26. Kf1 Nf4 0-1

[Event "Titled Tuesday intern op 16th Jul Late"]
[Site "Chess.com INT"]
[Date "2024.07.16"]
[Round "7"]
[White "Tologontegin, Semetey"]
[Black "Cori Quispe, Kevin Joel"]
[Result "1/2-1/2"]
[WhiteElo "2337"]
[BlackElo "2463"]
[PlyCount "143"]
[EventDate "2024.07.16"]
[EventType "swiss (blitz)"]
[EventRounds "11"]
[EventCountry "USA"]
[SourceTitle "EXT 2025"]
[Source "ChessBase"]
[SourceDate "2024.10.14"]
[SourceVersion "1"]
[SourceVersionDate "2024.10.14"]
[SourceQuality "1"]

1. d4 Nf6 2. c4 e6 3. Nc3 c5 4. d5 exd5 5. cxd5 d6 6. e4 g6 7. f4 Bg7 8. Bb5+ Nfd7 9. a4 0-0 10. Nf3 a6 11. Bd3 Qc7 12. 0-0 c4 13. Bc2 Nc5 14. h3 Nbd7 15. Be3 Rb8 16. Bd4 Bxd4+ 17. Nxd4 Qb6 18. Rb1 Nd3 19. Nce2 Re8 20. Bxd3 cxd3 21. Qxd3 Nc5 22. Qc2 Nxe4 23. Kh2 Bd7 24. b3 Rbc8 25. Qd3 f5 26. Rbc1 Nc5 27. Qf3 Nxb3 28. Nxb3 Re3 29. Qf2 Qxb3 30. Nd4 Qd3 31. Rxc8+ Bxc8 32. Rd1 Qe4 33. Qh4 Qe7 34. Qxe7 Rxe7 35. Rc1 Bd7 36. Rc7 Kf7 37. a5 Ba4 38. Rxe7+ Kxe7 39. Ne2 Bb3 40. Nc3 Kd7 41. Kg3 Kc7 42. Kh4 b6 43. axb6+ Kxb6 44. Kg5 Kc5 45. Kh6 Kd4 46. Ne2+ Ke3 47. Nc3 Kxf4 48. Kxh7 g5 49. Kg6 g4 50. h4 Kg3 51. h5 f4 52. h6 Bc2+ 53. Kg5 Kxg2 54. Kxf4 g3 55. Ne4 Bxe4 56. Kxe4 Kf2 57. h7 g2 58. h8Q g1Q 59. Qd4+ Kf1 60. Qd1+ Kg2 61. Qf3+ Kh2 62. Qh5+ Kg2 63. Qf3+ Kh2 64. Qh5+ Kg3 65. Qg6+ Kf2 66. Qf6+ Ke2 67. Qb2+ Kf1 68. Kf3 Qh1+ 69. Kg3 Qg1+ 70. Kf3 Qh1+ 71. Kg3 Qg1+ 72. Kf3 1/2-1/2

[Event "MEX-ch"]
[Site "Pachuca"]
[Date "2024.05.16"]
[Round "3"]
[White "Torres Rosas, Luis Carlos"]
[Black "Cori Quispe, Kevin Joel"]
[Result "1/2-1/2"]
[WhiteElo "2313"]
[BlackElo "2457"]
[PlyCount "68"]
[EventDate "2024.05.14"]
[EventType "swiss"]
[EventRounds "9"]
[EventCountry "MEX"]
[SourceTitle "CBM 220 Extra"]
[Source "ChessBase"]
[SourceDate "2024.07.31"]
[SourceVersion "1"]
[SourceVersionDate "2024.07.31"]
[SourceQuality "1"]

1. c4 c5 2. Nf3 Nc6 3. g3 e5 4. Nc3 g6 5. Bg2 Bg7 6. 0-0 Nge7 7. a3 0-0 8. d3 d6 9. Rb1 a5 10. Bd2 Rb8 11. Nb5 d5 12. cxd5 Nxd5 13. Qb3 Nde7 14. Qc2 b6 15. b4 axb4 16. axb4 Nxb4 17. Bxb4 cxb4 18. Rxb4 Bb7 19. Rfb1 Qd7 20. Qc7 Qxc7 21. Nxc7 Rbc8 22. Rc4 Bc6 23. Nb5 Ra8 24. Ng5 Bxb5 25. Rxb5 Ra1+ 26. Bf1 Rb8 27. Ne4 Ra5 28. Rb1 Bf8 29. Nf6+ Kg7 30. Nd7 Rb7 31. Nc5 Rb8 32. Nd7 Rb7 33. Nc5 Rb8 34. Nd7 Rb7 1/2-1/2

[Event "MEX-ch"]
[Site "Pachuca"]
[Date "2024.05.15"]
[Round "2"]
[White "Cori Quispe, Kevin Joel"]
[Black "Gracia Alvarez, Gerardo Antonio"]
[Result "1/2-1/2"]
[WhiteElo "2457"]
[BlackElo "2271"]
[PlyCount "57"]
[EventDate "2024.05.14"]
[EventType "swiss"]
[EventRounds "9"]
[EventCountry "MEX"]
[SourceTitle "CBM 220 Extra"]
[Source "ChessBase"]
[SourceDate "2024.07.31"]
[SourceVersion "1"]
[SourceVersionDate "2024.07.31"]
[SourceQuality "1"]

1. e4 e6 2. d4 d5 3. Nc3 Nf6 4. e5 Nfd7 5. f4 c5 6. Nf3 Nc6 7. Be3 cxd4 8. Nxd4 Qb6 9. a3 Bc5 10. Ncb5 a6 11. b4 axb5 12. bxc5 Qxc5 13. Qd3 Nxd4 14. Bxd4 Qc4 15. Be2 b6 16. 0-0 Qxd3 17. cxd3 Nc5 18. Bc3 d4 19. Bb4 Bb7 20. Rfc1 Kd7 21. Bxc5 bxc5 22. Rxc5 Ra5 23. Rb1 Ba6 24. Rb4 Rc8 25. Rxd4+ Ke7 26. Rxc8 Bxc8 27. Rb4 Rxa3 28. d4 Ra4 29. Rxb5 1/2-1/2